Cómo ser un consultor exitoso/ (Registro nro. 9127)

Detalles MARC
000 -LEADER
fixed length control field 01333nam a2200205Ia 4500
005 - FECHA Y HORA DE LA ÚLTIMA TRANSACCIÓN
control field 20230905113920.0
008 - FIXED-LENGTH DATA ELEMENTS--GENERAL INFORMATION
fixed length control field 230903s9999 xx 000 0 und d
020 ## - INTERNATIONAL STANDARD BOOK NUMBER
International Standard Book Number 9580473234
040 ## - CATALOGING SOURCE
Original cataloging agency UPAN
Transcribing agency Biblioteca San Vicente
Description conventions RCAA2
041 ## - LANGUAGE CODE
Language code of text/sound track or separate title spa
082 ## - DEWEY DECIMAL CLASSIFICATION NUMBER
Classification number 658.46
Item number C644c
año de publicación 2003
100 ## - MAIN ENTRY--PERSONAL NAME
Personal name Cohen, William A.
Relator code aut.
245 #0 - TITLE STATEMENT
Title Cómo ser un consultor exitoso/
Remainder of title William A. Cohen
260 ## - PUBLICATION, DISTRIBUTION, ETC. (IMPRINT)
Place of publication, distribution, etc Bógota:
Name of publisher, distributor, etc Norma,
Date of publication, distribution, etc 2003
300 ## - PHYSICAL DESCRIPTION
Extent 360 p.;
Dimensions 23 cm.
505 ## - FORMATTED CONTENTS NOTE
Formatted contents note 1. El negocio de la consultoría <br/>2. Cómo conseguir clientes: métodos directos de marketing <br/>3. Cómo conseguir clientes: métodos indirectos de marketing<br/>4. Cómo lograr que la entrevista inicial sea un éxito<br/>5. Como escribir una propuesta<br/>6. Fijar los precios de sus servicios <br/>7. Lo que usted debe saber sobre los contratos de consultoría<br/>8. Cómo planear y establecer el cronograma del proyecto de consultoría<br/>9. Negociar con el cliente<br/>10. Cómo resolver fácilmente los problemas de su cliente<br/>11. Cómo investigar un proyecto de consultoría<br/>12. La importancia de la ética en la consultoría<br/>13. La elaboración de presentaciones profesionales<br/>14. Utilidad del computador en la consultoría<br/>15. Utilidad de internet en la consultoría
650 ## - SUBJECT ADDED ENTRY--TOPICAL TERM
Source of heading or term LEMB
General subdivision Asesores de empresa
700 ## - ADDED ENTRY--PERSONAL NAME
Personal name Angela García
Relator code tr.
942 ## - ADDED ENTRY ELEMENTS (KOHA)
Koha item type Libros
Source of classification or shelving scheme Dewey Decimal Classification
Existencias
Withdrawn status Lost status Source of classification or shelving scheme Damaged status Not for loan Collection code Home library Current library Date acquired Total Checkouts Full call number Barcode Date last seen Copy number Price effective from Koha item type
    Dewey Decimal Classification     Colección General Biblioteca UPAN San Vicente Biblioteca UPAN San Vicente 03/09/2023   658.46 C644c 12003014 03/09/2023 01 03/09/2023 Libros
    Dewey Decimal Classification     Colección General Biblioteca UPAN San Vicente Biblioteca UPAN San Vicente 03/09/2023   658.46 C644c 12003013 05/09/2023 02 03/09/2023 Libros
    Dewey Decimal Classification     Colección General Biblioteca UPAN San Vicente Biblioteca UPAN San Vicente 03/09/2023   658.46 C644c 12003015 05/09/2023 03 03/09/2023 Libros